A passage to India / E.M. Forster.
Available copies
- 2 of 2 copies available at LARL/NWRL Consortium. (Show)
- 2 of 2 copies available at Lake Agassiz Regional Library.
Current holds
0 current holds with 2 total copies.
Show Only Available Copies
| Location | Call Number / Copy Notes | Barcode | Shelving Location | Status | Due Date |
|---|---|---|---|---|---|
| Crookston Public Library | FOR (Text) | 33500009307703 | Main | Available | - |
| Moorhead Public Library | FOR (Text) | 33500009307695 | Main | Available | - |
Record details
- ISBN: 9780679405498
- ISBN: 0679405496 :
- Physical Description: xxxix, 293 p. ; 22 cm.
- Publisher: New York : Knopf : 1992.
Content descriptions
| General Note: | "First included in Everyman's library, 1906"--T.p. verso. |
| Bibliography, etc. Note: | Includes bibliographical references. |
Search for related items by subject
| Subject: | India > Social conditions > Fiction. Race relations > Fiction. |
| Genre: | Political fiction. |
Search for related items by series
| LDR | 01262cam a2200337Ja 4500 | ||
|---|---|---|---|
| 001 | 81065 | ||
| 003 | LARL_NWRL_CONSORTIUM | ||
| 005 | 20070612150345.0 | ||
| 008 | 920320r19921906nyu b 000 1 eng | ||
| 020 | . | ‡a9780679405498 | |
| 020 | . | ‡a0679405496 : ‡c$15.00 ($19.00 Can.) | |
| 035 | . | ‡a(OCoLC)25675815 | |
| 043 | . | ‡aa-ii--- | |
| 082 | 0 | 0. | ‡a823/.912 ‡220 |
| 100 | 1 | . | ‡aForster, E. M. ‡q(Edward Morgan), ‡d1879-1970. ‡0(LARL_NWRL_CONSORTIUM)59313 |
| 245 | 1 | 2. | ‡aA passage to India / ‡cE.M. Forster. |
| 260 | . | ‡aNew York : ‡bKnopf : ‡bDistributed by Random House, ‡c1992. | |
| 300 | . | ‡axxxix, 293 p. ; ‡c22 cm. | |
| 490 | 0 | . | ‡aEveryman's library |
| 500 | . | ‡a"First included in Everyman's library, 1906"--T.p. verso. | |
| 504 | . | ‡aIncludes bibliographical references. | |
| 651 | 0. | ‡aIndia ‡xSocial conditions ‡vFiction. | |
| 650 | 0. | ‡aRace relations ‡vFiction. ‡0(LARL_NWRL_CONSORTIUM)167002 | |
| 655 | 0. | ‡aPolitical fiction. | |
| 901 | . | ‡a81065 ‡bOCLC ‡c81065 ‡tbiblio | |

Add to basket
Permalink
Disable Highlighting